000 00512nam a2200217Ia 4500
008 180523s9999 xx 000 0 und d
020 _a81-7141-478-8
050 _aMAIN GV 838.6
050 _b.D83 2003
100 _aDubey, H.C.
245 0 _aDiving /
245 0 _cH.C. Dubey.
260 _aNew Delhi :
260 _bDiscovery Publishing,
260 _c1999
300 _a216 pages :
300 _c21 cm.
440 _aDPH sports series.
650 _aSwimming.
650 _xSwimming -- Diving.
999 _c356734
_d356734